Statistics for Best NBA Players by Career Plus/Minus

Click here to take the quiz!

General Stats

  • This quiz has been taken 24 times
  • The average score is 20 of 25

Answer Stats

Teams they played forAnswer% Correct
Thunder/Warriors/NetsKevin Durant
100%
Cavaliers/Heat/LakersLebron James
100%
WarriorsStephen Curry
100%
Hornets/Clippers/
Rockets/Thunder/Suns
Chris Paul
96%
MavericksDirk Nowitzki
96%
SpursTim Duncan
96%
SpursTony Parker
96%
Thunder/Rockets/NetsJames Harden
92%
LakersKobe Bryant
92%
Timberwolves/Celtics/NetsKevin Garnett
88%
SpursManu Ginobili
88%
Thunder/Rockets/Wizards/
Lakers
Russell Westbrook
88%
Cavaliers/Spurs/Raptors/
Lakers/76ers
Danny Green
83%
WarriorsDraymond Green
83%
Magic/Lakers/Rockets/
Hawks/Hornets/Wizards/
76ers
Dwight Howard
83%
Jazz/LakersKarl Malone
83%
Spurs/Raptors/ClippersKawhi Leonard
83%
WarriorsKlay Thompson
83%
Magic/Lakers/Heat/
Suns/Cavaliers/Celtics
Shaquille O’Neal
83%
Mavericks/Suns/Nets/
Knicks
Jason Kidd
75%
Bucks/Supersonics/Celtics/
Heat
Ray Allen
71%
Mavericks/Suns/LakersSteve Nash
71%
Celtics/Nets/Wizards/
Clippers
Paul Pierce
63%
Bullets/Trailblazers/Hawks/
Pistons/Celtics/Knicks
Rasheed Wallace
13%
Lakers/Warriors/Jazz/
Thunder/Mavericks
Derek Fisher
8%

Score Distribution

Percentile by Number Answered

Percent of People with Each Score

Your Score History

You have not taken this quiz